Normal view
MARC view
- دمشق -المياه- تاريخ
Entry Topical Term
001 - CONTROL NUMBER
- control field: 14697
003 - CONTROL NUMBER IDENTIFIER
- control field: JO-AjAnu
005 - DATE AND TIME OF LATEST TRANSACTION
- control field: 20230606072639.0
008 - FIXED-LENGTH DATA ELEMENTS
- fixed length control field: 230606|| aca||aabn | a|a d
040 ## - CATALOGING SOURCE
- Original cataloging agency: JO-AjAnu
- Transcribing agency: JO-AjAnu
150 ## - HEADING--TOPICAL TERM
- Topical term or geographic name entry element: دمشق -المياه- تاريخ
670 ## - SOURCE DATA FOUND
- Source citation: Work cat.: (JO-AjAnu)7548: تاليف الدمشقي، محمد حسين العطا؛ ضبط وتحقيق سبانو، احمد غسان , author 14696, علم المياه الجارية في مدينة دمشق أو رسالة في علم المياه